00721nam a2200241 a 4500001001300000003000900013005001700022008004100039020001000080082001600090100001800106245004700124260005000171300000800221500003500229505001000264650004000274700001800314902000800332942000700340952011700347999001500464nice12345678IN_TiNIC20260116012718.0050524s1975 evaa grp 000 0 eng  ac10000a297.24bHAQ aHaqq, Akbar A aChrist in the New Testament and the Quran. aEvanstonbNorthwestern University Pressc1975 a34p aincludes index and biblioraphy2 aIndex aJesus Christ-Islamic Interpretation1 aHaqq, Akbar A bSRS cBK 001040708StackRoom-aHMIbHMId2007-07-18g100.00l0o297.24 HAQp013156r2007-07-18v100.00w2005-05-24yBK c8060d8060